TOP 15 NAJWIĘKSZYCH PAŃSTW NA ŚWIĘCIE! - Statystyki

Ogólne statystyki
  • Ten quiz został rozwiązany 39 razy
  • Średni wynik to 4 z 15
Statystyki odpowiedzi
KONTYNENTY PAŃSTWO % Poprawnych
EUROPA/AZJA Rosja
100%
AZJA Chiny
88%
AMERYKA PÓŁNOCNA Stany Zjednoczone
85%
AMERYKA PÓŁNOCNA Kanada
65%
EUROPA/AZJA ZSRR
21%
EUROPA Imperium Brytyjskie
12%
AZJA Imperium Mongolskie
12%
EUROPA/AZJA Imperium Rosyjskie
6%
AZJA Dynastia Qing
3%
AMERYKA POŁUDNIOWA Królestwo Brazylii
3%
EUROPA Imperium Francuskie
0%
EUROPA Imperium Hiszpanii
0%
EUROPA Królestwo Portugalii
0%
AZJA Podboje Arabskie
0%
AZJA Podboje Arabskie
0%
Nie znaleziono quizów pasujących do podanych kryteriów
Rozkład punktacji
Procent ludzi z każdym wynikiem
Percentyl według liczby udzielonych odpowiedzi
Twoja historia wyników
Nie rozwiązałeś tego quizu